| 000 | 00664nam a22001937a 4500 | ||
|---|---|---|---|
| 003 | OSt | ||
| 005 | 20160321155734.0 | ||
| 008 | 160318b xxu||||| |||| 00| 0 eng d | ||
| 020 | _a0199890613 | ||
| 040 |
_aKABU _cKABU |
||
| 050 |
_aMT1 _b.B337 2014 |
||
| 100 | _aBauer, William I. | ||
| 245 |
_aMusic learning today _bdigital pedagogy for creating, perfoming, and responding tomusic _cWilliam I. Bauer |
||
| 260 |
_aOxford _bOxford University Press _c2014 |
||
| 300 | _axvii, 201p. | ||
| 650 |
_aMusic _xTechnological innovations _vInstruction and study |
||
| 650 | _aMusic and technology | ||
| 942 |
_2lcc _cBK _hMT1 _i.B337 2014 C.1 |
||
| 999 |
_c15878 _d15878 |
||